Ч. 1: Статика. Кинематика; Курс теоретической механики

Opis bibliograficzny
Parent link:Курс теоретической механики: Учебник для втузов/ А. А. Яблонский, В. М. Никифорова. Ч. 1: Статика. Кинематика.— 3-е изд., испр. и доп..— , 1966-
Język:rosyjski
Wydane: 1966
Hasła przedmiotowe:
Format: Książka
KOHA link:https://koha.lib.tpu.ru/cgi-bin/koha/opac-detail.pl?biblionumber=52943

MARC

LEADER 00000nam2a2200000 4500
001 52943
005 20231031043614.0
035 |a (RuTPU)RU\TPU\book\55517 
035 |a RU\TPU\book\55504 
090 |a 52943 
100 |a 20030609d1966 m y0rusy50 ca 
101 0 |a rus 
102 |a RU 
105 |a a j 001zy 
200 0 |a Ч. 1: Статика. Кинематика 
210 |d 1966 
215 |a 438 с.  |c ил. 
320 |a Библиогр.: с. 434. 
461 1 |0 (RuTPU)RU\TPU\book\55503  |t Курс теоретической механики  |o Учебник для втузов  |f А. А. Яблонский, В. М. Никифорова  |v Ч. 1: Статика. Кинематика  |e 3-е изд., испр. и доп.  |d 1966- 
610 1 |a физика 
610 1 |a теоретическая механика 
610 1 |a статика 
610 1 |a кинематика 
610 1 |a учебники 
675 |a 531(075.8)  |v 3 
801 1 |a RU  |b 63413507  |c 20020621  |g PSBO 
801 2 |a RU  |b 63413507  |c 20210514  |g PSBO 
942 |c BK